[Event "IECC CL4-1999.14"]
[Site "IECC email"]
[Date "1999.03.02"]
[Round "?"]
[White "Friberg, Wes"]
[Black "Carr, James T"]
[Result "1-0"]
[WhiteElo "1564"]
[BlackElo "1751"]
[PlyCount "71"]
[EventDate "1999.??.??"]
[EventType "tourn (corr)"]
[EventRounds "4"]
[SourceTitle "Corr 2008"]
[Source "ChessBase"]
[SourceDate "2008.06.24"]
[SourceVersion "1"]
[SourceVersionDate "2008.06.24"]
[SourceQuality "1"]

1. e4 e5 2. Nf3 Nf6 3. Nc3 Bb4 4. Nxe5 0-0 5. Nd5 Nxd5 6. c3 Qe7 7. f4 Nxf4 8. d4 d6 9. Bxf4 dxe5 10. Bxe5 Bd6 11. Bxd6 Qxe4+ 12. Qe2 Qxe2+ 13. Bxe2 cxd6 14. 0-0 Be6 15. b3 Nd7 16. Bf3 Rab8 17. Rad1 Nf6 18. c4 b5 19. c5 dxc5 20. dxc5 Rbc8 21. Rc1 Rc7 22. Rc2 Rfc8 23. c6 Bd5 24. Bxd5 Nxd5 25. Rc5 Ne7 26. Rxb5 Rxc6 27. Rb7 R6c7 28. Rb4 f6 29. Re1 Rc1 30. Rxc1 Rxc1+ 31. Kf2 Rc2+ 32. Kf3 Rxa2 33. h4 Kf7 34. g3 Rc2 35. Rb7 a6 36. Ra7 1-0

[Event "IECC CL4-1999.14"]
[Site "IECC email"]
[Date "1999.03.02"]
[Round "?"]
[White "Friberg, Wes"]
[Black "Lacey, Edward"]
[Result "0-1"]
[WhiteElo "1603"]
[BlackElo "1690"]
[PlyCount "54"]
[EventDate "1999.??.??"]
[EventType "tourn (corr)"]
[EventRounds "4"]
[SourceTitle "Corr 2008"]
[Source "ChessBase"]
[SourceDate "2008.06.24"]
[SourceVersion "1"]
[SourceVersionDate "2008.06.24"]
[SourceQuality "1"]

1. d4 Nf6 2. Nc3 d5 3. Nf3 g6 4. e3 Bg7 5. Bd3 0-0 6. 0-0 Nc6 7. Ne5 Nxe5 8. dxe5 Ng4 9. h3 Nxe5 10. e4 Nxd3 11. Qxd3 dxe4 12. Qxe4 Bxc3 13. bxc3 Re8 14. Bh6 e5 15. Rad1 Qf6 16. Rd2 g5 17. Qc4 Qxh6 18. Qxc7 Qc6 19. Qa5 b6 20. Qa3 Qc4 21. Ra1 Bf5 22. Qc1 Rac8 23. Rd6 Qf4 24. Qb2 Re6 25. Rd7 g4 26. g3 Qf3 27. hxg4 Rh6 0-1